000 00796cam a2200277 4500
008 090401t1996 xxu||||| |||| 00| 0 eng d
020 _a1854825038
035 _a(Sirsi) u32020
041 _aeng
050 _a692.5
110 _aScottish Agricultural College
_93388
245 _aFarm building cost guide 1996
250 _a22nd ed.
260 _aBucksburn,Aberdeen
_bScottish Agricultural College
_c1996
300 _a96p. : ill. ; 30cm.
350 _a18.7
650 _aBUILT ENVIRONMENT-BUILDING COSTS
650 _aFARM BUILDINGS
650 _aBUILDING PRICE BOOKS
650 _aSCOTTISH AGRICULTURAL COLLEGE
690 _aBUILT ENVIRONMENT-BUILDING COSTS
690 _aRURAL PRACTICE
710 _aCentre for Rural Building
_91783
942 _n0
948 _c04/03/1997
999 _c89660
_d89660